Effect of trichocompost and npk fertilizer on soil fertility, growth and yield of okra (abelmoschus esculentus l.) / (Record no. 18376)

MARC details
000 -LEADER
fixed length control field 01092nam a22002777a 4500
001 - CONTROL NUMBER
control field BD-DhSAU 9278
003 - CONTROL NUMBER IDENTIFIER
control field BD-DhSAU
005 - DATE AND TIME OF LATEST TRANSACTION
control field 20260512110338.0
008 - FIXED-LENGTH DATA ELEMENTS--GENERAL INFORMATION
fixed length control field 260512b2018 bg a|||| m||| 00| 0 eng d
040 ## - CATALOGING SOURCE
Original cataloging agency BD-DhSAU
082 ## - DEWEY DECIMAL CLASSIFICATION NUMBER
Edition number 22
Classification number 631.4
Item number Am78
100 ## - MAIN ENTRY--PERSONAL NAME
Personal name SHIL, AMRITA CHANDRA
Relator term Registration # 22010015
245 ## - TITLE STATEMENT
Title Effect of trichocompost and npk fertilizer on<br/>soil fertility, growth and yield of okra <br/>(abelmoschus esculentus l.) /<br/>
Remainder of title MS thesis
260 ## - PUBLICATION, DISTRIBUTION, ETC. (IMPRINT)
Place of publication, distribution, etc. Sher-e-Bangla Agricultural University;
Name of publisher, distributor, etc. Department of Soil Science, ;
Date of publication, distribution, etc. 2024.
300 ## - PHYSICAL DESCRIPTION
Extent viii, 63p. :
Other physical details ill. ;
Dimensions 30 cm.
500 ## - GENERAL NOTE
General note MS thesis of Department of Soil Science, ;, Faculty of Agriculture. Sher-e-Balgla Agricultural University Dhaka-1207
504 ## - BIBLIOGRAPHY, ETC. NOTE
Bibliography, etc Includes bibliographical reference.
590 ## - Name of Cataloguer
Name of Cataloger Nazmul
650 ## - SUBJECT ADDED ENTRY--TOPICAL TERM
Topical term or geographic name as entry element npk fertilizer
650 ## - SUBJECT ADDED ENTRY--TOPICAL TERM
Topical term or geographic name as entry element soil fertility,
651 ## - SUBJECT ADDED ENTRY--GEOGRAPHIC NAME
Geographic name okra (abelmoschus esculentus l.)
700 ## - ADDED ENTRY--PERSONAL NAME
Personal name Prof Dr. Mohammad Saiful Islam Bhuiyan
Relator term Superviser
710 ## - ADDED ENTRY--CORPORATE NAME
Relator term Co-Superviser
Corporate name or jurisdiction name as entry element Prof. Dr. Md. Asaduzzaman Khan
942 ## - ADDED ENTRY ELEMENTS (KOHA)
Source of classification or shelving scheme Dewey Decimal Classification
Koha item type MS Level Thesis
Holdings
Withdrawn status Lost status Source of classification or shelving scheme Damaged status Not for loan Collection code Coded location qualifier Home library Branch Name Date acquired Coded location qualifier Total Checkouts Full call number Barcode Date last seen Price effective from Koha item type
    Dewey Decimal Classification   Not For Loan Reference | SAU Library SAU Library 12/05/2026 |   631.4 Am78 46268 12/05/2026 12/05/2026 MS Level Thesis